| 000 | 00382nam a2200133Ia 4500 | ||
|---|---|---|---|
| 008 | 231017s9999 xx 000 0 und d | ||
| 082 | _a388.1099 | ||
| 082 | _bRAR | ||
| 245 | 0 | _aStrategies for reducing the environmental impacts of increased night-time operations of road freight; a scoping study | |
| 245 | 0 | _cAustroads | |
| 260 | _bAustroads | ||
| 300 | _c30cm | ||
| 942 | _cREP | ||
| 999 |
_c605399 _d605399 |
||